000 00771cam a2200253 4500
008 090401t1997 xxu||||| |||| 00| 0 eng d
020 _a0948237325
035 _a(Sirsi) u79940
041 _aeng
050 _a549.66
100 _aClaydon, Janet
245 4 _aThe control and management of asbestos in buildings : a system of local rules.
260 _aLeeds
_bH&H Scientific Consultants
_c1997
300 _avi,48p. ; 30cm.
350 _a13.8
490 _aHHSC Handbook
_v21
650 _aMANAGEMENT-HEALTH AND SAFETY-HAZARDOUS SUBSTANCES-ASBESTOS
650 _aHEALTH AND SAFETY
_96244
690 _aBUILT ENVIRONMENT-BUILDING STANDARDS
700 _aMorgan, Jane
710 _aH & H Scientific Consultants
_93511
942 _n0
948 _c28/07/1997
999 _c96576
_d96576